<?xml version="1.0" encoding="UTF-8"?>
<record
    xmlns:xsi="http://www.w3.org/2001/XMLSchema-instance"
    xsi:schemaLocation="http://www.loc.gov/MARC21/slim http://www.loc.gov/standards/marcxml/schema/MARC21slim.xsd"
    xmlns="http://www.loc.gov/MARC21/slim">

  <leader>01253nab a2200241 i 4500</leader>
  <controlfield tag="001">768714001</controlfield>
  <controlfield tag="003">CO-MdFUSB</controlfield>
  <controlfield tag="005">20260306160212.0</controlfield>
  <controlfield tag="008">240710t1989    sz ||||| |||| 00| 0 eng d</controlfield>
  <datafield tag="040" ind1=" " ind2=" ">
    <subfield code="b">spa</subfield>
    <subfield code="c">CO-MdFUSB</subfield>
    <subfield code="d">CO-MdFUSB</subfield>
  </datafield>
  <datafield tag="041" ind1=" " ind2=" ">
    <subfield code="a">eng</subfield>
  </datafield>
  <datafield tag="100" ind1=" " ind2=" ">
    <subfield code="a">Schaeffer, Jill,</subfield>
    <subfield code="e">autor</subfield>
  </datafield>
  <datafield tag="245" ind1=" " ind2=" ">
    <subfield code="a">Section II : </subfield>
    <subfield code="b">mission and unity</subfield>
    <subfield code="c">/ Jill Schaeffer</subfield>
  </datafield>
  <datafield tag="520" ind1=" " ind2=" ">
    <subfield code="a">Parece claro que los asuntos misioneros son una preocupaci&#xF3;n importante para las iglesias reformadas.  &#xBF;C&#xF3;mo entendemos la misi&#xF3;n apost&#xF3;lica de la Iglesia? &#xBF;Qu&#xE9; es la misi&#xF3;n? &#xBF;Qu&#xE9; es evangelismo?.  Ha pasado mucho tiempo desde que estas cuestiones aparecieron en la agenda de la Alianza Mundial de Iglesias Reformadas.  Por lo tanto, es necesario reexaminar la cuesti&#xF3;n y determinar c&#xF3;mo podemos hoy someternos al llamado de Cristo al trabajo misionero y a la unidad.</subfield>
  </datafield>
  <datafield tag="546" ind1=" " ind2=" ">
    <subfield code="a">Texto en ingl&#xE9;s.</subfield>
  </datafield>
  <datafield tag="650" ind1=" " ind2="0">
    <subfield code="a">Misiones</subfield>
    <subfield code="9">154</subfield>
  </datafield>
  <datafield tag="650" ind1=" " ind2="0">
    <subfield code="a">Evangelizaci&#xF3;n</subfield>
    <subfield code="9">362</subfield>
  </datafield>
  <datafield tag="650" ind1=" " ind2="0">
    <subfield code="a">Reforma de la iglesia</subfield>
    <subfield code="9">958</subfield>
  </datafield>
  <datafield tag="650" ind1=" " ind2="7">
    <subfield code="a">Cristolog&#xED;a</subfield>
    <subfield code="9">239</subfield>
  </datafield>
  <datafield tag="773" ind1="0" ind2=" ">
    <subfield code="0">49396</subfield>
    <subfield code="9">82825</subfield>
    <subfield code="d">Ginebra</subfield>
    <subfield code="o">R2677</subfield>
    <subfield code="t">Reformed World</subfield>
    <subfield code="w">(CO-MdFUSB)38</subfield>
    <subfield code="x">0034-3056</subfield>
    <subfield code="g">Volumen 40, (n&#xFA;mero 5, 1989) p&#xE1;ginas: 75 - 82</subfield>
    <subfield code="q">p&#xE1;gina: 75</subfield>
  </datafield>
  <datafield tag="942" ind1=" " ind2=" ">
    <subfield code="c">ANA</subfield>
  </datafield>
  <datafield tag="945" ind1=" " ind2=" ">
    <subfield code="a">Catherine Arias &#xC1;lvarez - Practicante SENA</subfield>
  </datafield>
  <datafield tag="999" ind1=" " ind2=" ">
    <subfield code="c">70478</subfield>
    <subfield code="d">70478</subfield>
  </datafield>
</record>
